De pantalón largo / (Record no. 72249)
[ view plain ]
| 000 -LEADER | |
|---|---|
| campo de control de longitud fija | 00509nam a2200181 i 4500 |
| 001 - NÚMERO DE CONTROL | |
| campo de control | 72249 |
| 003 - IDENTIFICADOR DE NÚMERO DE CONTROL | |
| campo de control | ES-MaACL |
| 005 - FECHA Y HORA DE LA ÚLTIMA TRANSACCIÓN | |
| campo de control | 20251116063056.0 |
| 007 - CAMPO FIJO DE DESCRIPCIÓN FÍSICA--INFORMACIÓN GENERAL | |
| campo de control de longitud fija | t| |
| 008 - DATOS DE LONGITUD FIJA--INFORMACIÓN GENERAL | |
| campo de control de longitud fija | 040827s1952 sp ||||1| spa d |
| 100 1# - ENTRADA PRINCIPAL--NOMBRE DE PERSONA | |
| Nombre de persona | Giménez-Arnau, J. A., |
| Fechas asociadas al nombre | 1912-1985 |
| 9 (RLIN) | 57030 |
| 245 10 - MENCIÓN DEL TÍTULO | |
| Título | De pantalón largo / |
| Mención de responsabilidad, etc. | J.A. Giménez-Arnau. |
| 250 ## - MENCION DE EDICION | |
| Mención de edición | [1ª ed.]. |
| 260 ## - PUBLICACIÓN, DISTRIBUCIÓN, ETC. | |
| Lugar de publicación, distribución, etc. | Barcelona : |
| Nombre del editor, distribuidor, etc. | Destino, |
| Fecha de publicación, distribución, etc. | [1952] ( |
| Fabricante | Alfa) |
| 300 ## - DESCRIPCIÓN FÍSICA | |
| Extensión | 241 p. ; |
| Dimensiones | 19 cm. |
| 852 ## - LOCALIZACIÓN | |
| Ubicación | ES-MaACL |
| Número de control de estantería | D-8786 |
| Sublocalización o colección | R.33009 |
| Estatus retirado | Estado de pérdida | Estado de daño | No para préstamo | Biblioteca de origen | Biblioteca actual | Ubicación en estantería | Fecha de adquisición | Fuente de adquisición | Total de préstamos | Signatura topográfica completa | Código de barras | Visto por última vez | Precio de reemplazo | Tipo de ítem Koha |
|---|---|---|---|---|---|---|---|---|---|---|---|---|---|---|
| Biblioteca del Ateneo de Madrid | Biblioteca del Ateneo de Madrid | Sala Valle Inclán | 17/01/2008 | D-8786 | 901075639 | 23/02/2023 | 23/02/2023 | Libro impreso |
